00681 a2200181 4500008003800000020001500038020001500053050002100068100002900089245005900118250001100177300001800188440001100206504003600217505018300253650002400436700003900460110826t mx||||| |||| 00| 0 spa a9586009076 a9586009033 aTH7140bA88 19991 aAstigarra, Urquiza Julio00aHornosc/Julio Astirragaga Urquiza , Julio Astigarraga a6a ed. a4 v. c24 cm. 0aHornos aIncluye bibliografa̕ e n̕dice acontenido : g V.1. hornos de alta frecuencia y microondas V.2. hornos dearco para fusion de acero V.3. horno de industriales de inducción V. 4. Industriales de resistiencia. 7aHornos eléctricos1 aAstigarraga Aguirre, Julio, coaut.